[Event "NCL967 Na Fianna-Celtic Kts"]
[Site "Rd1"]
[Date "1996.10.19"]
[Round "1.1"]
[White "King, Danny"]
[Black "Walsh, Chris"]
[Result "1-0"]
[WhiteElo "2535"]
[BlackElo "2180"]
[PlyCount "71"]
[EventDate "1996.10.19"]
[Source "J.Saunders"]
[SourceDate "1998.06.06"]

1. g3 e5 2. c4 Nc6 3. Bg2 f5 4. e3 Nf6 5. Nc3 d6 6. d4 Qe7 7. Nge2 g6 8. b4 e4
9. Nf4 Qf7 10. Qb3 a5 11. b5 a4 12. Nxa4 Na5 13. Qc2 Nxc4 14. Nc3 g5 15. Nfe2
d5 16. h4 g4 17. Nf4 Be6 18. Bf1 Na5 19. a4 Bd6 20. Ba3 Qe7 21. Bxd6 Qxd6 22.
Be2 O-O 23. O-O Bf7 24. Rfc1 Rfc8 25. Nb1 Nh5 26. Nxh5 Bxh5 27. Ra3 Be8 28. Rc3
c6 29. Qb2 Bd7 30. b6 Be6 31. Rc5 Nc4 32. Bxc4 dxc4 33. a5 Ra6 34. Nd2 Rca8 35.
Qc3 Kf8 36. Ra1 1-0

[Event "NCL967 Na Fianna-Celtic Kts"]
[Site "Rd1"]
[Date "1996.10.19"]
[Round "1.3"]
[White "Richardson, John"]
[Black "Musson, Adam"]
[Result "1-0"]
[WhiteElo "2310"]
[BlackElo "2090"]
[PlyCount "75"]
[EventDate "1996.10.19"]
[Source "J.Saunders"]
[SourceDate "1998.06.06"]

1. d4 Nf6 2. c4 g6 3. Nc3 Bg7 4. Nf3 d6 5. g3 O-O 6. Bg2 Nbd7 7. O-O a6 8. h3
Rb8 9. e4 e5 10. Bg5 h6 11. Be3 b5 12. cxb5 axb5 13. b4 Bb7 14. d5 Ba8 15. Qd3
Nb6 16. Rfd1 Qe7 17. Nd2 c6 18. dxc6 Bxc6 19. a3 Na4 20. Nxa4 bxa4 21. Nc4 Rfd8
22. Na5 Bb5 23. Qd2 Kh7 24. Rac1 Rdc8 25. Qxd6 Qxd6 26. Rxd6 Rxc1+ 27. Bxc1 Rc8
28. Bb2 Nh5 29. Rd5 Be2 30. Rc5 Rxc5 31. bxc5 Bf8 32. Nb7 Ba6 33. c6 f6 34. Bf1
Bxb7 35. cxb7 Bd6 36. Bb5 Ng7 37. Bxa4 Ne6 38. Bc6 1-0

[Event "NCL967 Na Fianna-Celtic Kts"]
[Site "Rd1"]
[Date "1996.10.19"]
[Round "1.4"]
[White "Adams, Mark"]
[Black "Lyell, Mark"]
[Result "0-1"]
[WhiteElo "2100"]
[BlackElo "2235"]
[PlyCount "60"]
[EventDate "1996.10.19"]
[Source "J.Saunders"]
[SourceDate "1998.06.06"]

1. e4 e5 2. Nf3 Nc6 3. Bc4 Nf6 4. d3 d5 5. exd5 Nxd5 6. O-O Bc5 7. h3 O-O 8.
Nbd2 Kh8 9. Ne4 Bb6 10. c3 f6 11. Bb3 Bf5 12. Qe2 Nce7 13. Rd1 Ng6 14. Bc2 Ndf4
15. Qf1 Qe8 16. Ng3 Bd7 17. Ne2 Ne6 18. a4 Bc6 19. d4 Bxf3 20. gxf3 exd4 21. a5
Bc5 22. b4 Bd6 23. Nxd4 Nh4 24. Qd3 f5 25. Nxe6 Qxe6 26. Kh1 Qg6 27. Rg1 Qh5
28. Rg5 Rae8 29. Bd2 Qxf3+ 30. Qxf3 Nxf3 0-1

[Event "NCL967 Na Fianna-Celtic Kts"]
[Site "Rd1"]
[Date "1996.10.19"]
[Round "1.5"]
[White "McMichael, Rick"]
[Black "Sheehan, Anthony"]
[Result "1/2-1/2"]
[WhiteElo "2200"]
[BlackElo "2100"]
[PlyCount "151"]
[EventDate "1996.10.19"]
[Source "J.Saunders"]
[SourceDate "1998.06.06"]

1. b3 e5 2. Bb2 Nc6 3. e3 Nf6 4. c4 d5 5. cxd5 Nxd5 6. Nc3 Nxc3 7. Bxc3 Bb4 8.
Rc1 a6 9. Qc2 Bxc3 10. Qxc3 O-O 11. Nf3 Re8 12. d3 Bf5 13. Be2 Qe7 14. O-O Rad8
15. Rfd1 h6 16. Nd2 Nd4 17. Bf1 Nb5 18. Qc2 c6 19. a4 Nc7 20. Ne4 Ne6 21. Qc3
Bxe4 22. dxe4 Rxd1 23. Rxd1 Qc5 24. Qb2 Rd8 25. b4 Qe7 26. Rxd8+ Nxd8 27. b5
axb5 28. axb5 c5 29. Bc4 Qd6 30. Bd5 Kf8 31. h3 b6 32. g3 g5 33. Qa1 Qc7 34.
Kg2 Ke7 35. Qc3 Qd6 36. Qd2 Ne6 37. Qa2 Qc7 38. Qe2 Qd6 39. Bc4 Nc7 40. Qg4 Ne6
41. h4 Ke8 42. hxg5 hxg5 43. Bd5 Kf8 44. Qf5 Ke8 45. Qh7 Ke7 46. Qg8 Qc7 47.
Bc4 Qd8 48. Qh7 Qd6 49. Qh5 Ke8 50. Qe2 Ke7 51. Qa2 Qc7 52. Qa8 Nd8 53. Bd5 Ke8
54. Qa4 Ke7 55. Kf3 Qb8 56. Kg4 Qc8+ 57. Kf3 Qc7 58. Ke2 Ne6 59. Qa2 Qd7 60.
Bc6 Qc7 61. Bd5 Qd7 62. Qc4 Qd6 63. Kf3 Nd8 64. Kg4 Qd7+ 65. Kxg5 Qh3 66. Qe2
Ne6+ 67. Bxe6 f6+ 68. Kg6 Qxe6 69. Kh5 c4 70. Qa2 c3 71. Qa7+ Qd7 72. Qa3+ Ke6
73. f4 Qe8+ 74. Kh6 Qh8+ 75. Kg6 Qg8+ 76. Kh6 1/2-1/2

[Event "NCL967 Na Fianna-Celtic Kts"]
[Site "Rd1"]
[Date "1996.10.19"]
[Round "1.6"]
[White "Vaughan, David"]
[Black "Crombleholme, Alan"]
[Result "0-1"]
[WhiteElo "2010"]
[BlackElo "2070"]
[PlyCount "46"]
[EventDate "1996.10.19"]
[Source "J.Saunders"]
[SourceDate "1998.06.06"]

1. e4 c5 2. f4 e6 3. Nf3 Nf6 4. Nc3 d5 5. Bb5+ Nc6 6. Qe2 Be7 7. Ne5 Qc7 8. O-O
O-O 9. Bxc6 bxc6 10. d3 Ba6 11. Rf3 Rad8 12. Rh3 c4 13. Ng4 cxd3 14. cxd3 Nxg4
15. Qxg4 dxe4 16. Qh5 h6 17. dxe4 Qb6+ 18. Be3 Qxb2 19. Rc1 Rd3 20. Nd1 Qa3 21.
Ra1 Rfd8 22. Bxa7 g6 23. Rxd3 Bxd3 0-1

[Event "NCL967 Na Fianna-Celtic Kts"]
[Site "Rd1"]
[Date "1996.10.19"]
[Round "1.7"]
[White "Connolly, Suzanne"]
[Black "Sinnett, Glyn"]
[Result "1/2-1/2"]
[WhiteElo "1840"]
[BlackElo "2010"]
[PlyCount "44"]
[EventDate "1996.10.19"]
[Source "J.Saunders"]
[SourceDate "1998.06.06"]

1. e4 e6 2. d4 d5 3. Nd2 Nf6 4. e5 Nfd7 5. Bd3 c5 6. c3 Nc6 7. Ne2 Qc7 8. Nf3
cxd4 9. cxd4 f6 10. exf6 Nxf6 11. O-O Bd6 12. Nc3 a6 13. Bg5 O-O 14. a3 Qe7 15.
Bh4 Bd7 16. Re1 Rae8 17. Rc1 g6 18. Na4 Nh5 19. Bg3 Nxg3 20. hxg3 Qd8 21. Nc5
Bxc5 22. Rxc5 Qf6 1/2-1/2

[Event "NCL967 Na Fianna-Celtic Kts"]
[Site "Rd1"]
[Date "1996.10.19"]
[Round "1.8"]
[White "Wilson, Julie"]
[Black "O'Siochru, Mairead"]
[Result "0-1"]
[WhiteElo "1656"]
[BlackElo "1880"]
[PlyCount "98"]
[EventDate "1996.10.19"]
[Source "J.Saunders"]
[SourceDate "1998.06.06"]

1. d4 d5 2. c4 c6 3. Nc3 Nf6 4. Nf3 e6 5. Bg5 h6 6. Bh4 Bd6 7. e3 Nbd7 8. Bd3
dxc4 9. Bxc4 Qc7 10. Rc1 O-O 11. O-O Ng4 12. h3 Ngf6 13. e4 Bf4 14. Rc2 g5 15.
e5 gxh4 16. exf6 Nxf6 17. Nxh4 Kh8 18. Bd3 Rg8 19. Ne4 Nxe4 20. Bxe4 f5 21. Bd3
Qg7 22. Qh5 Bd7 23. Kh1 Be8 24. Qe2 Bf7 25. Rg1 Qxd4 26. Rc4 Qe5 27. Qc2 Qd6
28. Rc5 Rad8 29. Qc3+ Qd4 30. Qxd4+ Rxd4 31. Bc4 Bd6 32. Rxf5 exf5 33. Bxf7
Rxh4 34. Bxg8 Kxg8 35. Rd1 Bc5 36. Rd8+ Kf7 37. f3 Rd4 38. Rh8 Rd1+ 39. Kh2 f4
40. h4 Kg7 41. Rb8 h5 42. Rxb7+ Kg6 43. Rc7 Bf2 44. Rxc6+ Kf5 45. g4+ fxg3+ 46.
Kg2 Rg1+ 47. Kh3 Rh1+ 48. Kg2 Rh2+ 49. Kf1 Bb6 0-1

[Event "NCL967 BCM-Richmond"]
[Site "Rd1"]
[Date "1996.10.19"]
[Round "1.1"]
[White "Chandler, Murray"]
[Black "McShane, Luke"]
[Result "1-0"]
[WhiteElo "2550"]
[BlackElo "2385"]
[PlyCount "39"]
[EventDate "1996.10.19"]
[Source "J.Saunders"]
[SourceDate "1998.06.06"]

1. e4 c5 2. c3 d6 3. d4 Nf6 4. Bd3 Nbd7 5. Nf3 Qc7 6. O-O b6 7. e5 dxe5 8. dxe5
Nxe5 9. Nxe5 Qxe5 10. Qf3 Nd5 11. c4 e6 12. cxd5 Bd6 13. g3 Bb7 14. Nc3 O-O-O
15. Bf4 Qf6 16. Ne4 Bxd5 17. Ba6+ Kb8 18. Bxd6+ Rxd6 19. Qxf6 gxf6 20. Nxd6 1-0

[Event "NCL967 BCM-Richmond"]
[Site "Rd1"]
[Date "1996.10.19"]
[Round "1.2"]
[White "Bates, Richard"]
[Black "Mestel, Jonathan"]
[Result "1-0"]
[WhiteElo "2315"]
[BlackElo "2510"]
[PlyCount "66"]
[EventDate "1996.10.19"]
[Source "J.Saunders"]
[SourceDate "1998.06.06"]

1. d4 Nf6 2. Nf3 g6 3. b4 Bg7 4. e3 O-O 5. Bb2 d6 6. Nbd2 Nbd7 7. Rb1 b6 8. b5
Bb7 9. c4 Re8 10. Be2 e5 11. O-O e4 12. Ne1 c5 13. bxc6 Bxc6 14. Ba3 Qc7 15.
Nc2 Bb7 16. Rb3 Nf8 17. Nb1 Ba6 18. Rc3 Ne6 19. Nb4 Bb7 20. Rc1 Qd7 21. Nc3 h5
22. Nbd5 Ng5 23. Nb5 Bxd5 24. cxd5 Nxd5 25. Qb3 Qe6 26. Bc4 Nf3+ 27. gxf3 Qh3
28. Bxd5 Re5 29. Bxd6 exf3 30. Bxf3 Qxf3 31. Bxe5 Bxe5 32. Qd1 Bxh2+ 33. Kxh2
Qf6 1-0

[Event "NCL967 BCM-Richmond"]
[Site "Rd1"]
[Date "1996.10.19"]
[Round "1.3"]
[White "Giddins, Steve"]
[Black "Webb, Laurence"]
[Result "1-0"]
[WhiteElo "2345"]
[BlackElo "2295"]
[PlyCount "77"]
[EventDate "1996.10.19"]
[Source "J.Saunders"]
[SourceDate "1998.06.06"]

1. d4 Nf6 2. c4 e6 3. Nc3 Bb4 4. e3 Nc6 5. Bd3 e5 6. Nge2 d5 7. cxd5 Nxd5 8. e4
Nxc3 9. bxc3 Bd6 10. O-O O-O 11. Be3 f5 12. exf5 exd4 13. cxd4 Ne7 14. f6 Rxf6
15. Bg5 Rf8 16. Qb3+ Kh8 17. Rfe1 c6 18. g3 Qa5 19. Bf4 Qc7 20. Rac1 Bf5 21.
Bxf5 Nxf5 22. d5 Rae8 23. Qc4 Qa5 24. Red1 cxd5 25. Rxd5 Qb6 26. Rb5 Qa6 27.
Rxf5 Rxf5 28. Qxa6 bxa6 29. Bxd6 Rd5 30. Bf4 h6 31. Be3 Ra5 32. Rc2 Re7 33. h4
Rd7 34. Nf4 Kg8 35. h5 Rd1+ 36. Kg2 Ra1 37. Rc7 R1xa2 38. Bd4 Rg5 39. Ng6 1-0

[Event "NCL967 BCM-Richmond"]
[Site "Rd1"]
[Date "1996.10.19"]
[Round "1.4"]
[White "Trifunovic, Aleks"]
[Black "Friedgood, David"]
[Result "1-0"]
[WhiteElo "2250"]
[BlackElo "2270"]
[PlyCount "59"]
[EventDate "1996.10.19"]
[Source "J.Saunders"]
[SourceDate "1998.06.06"]

1. d4 Nf6 2. Nf3 g6 3. c4 Bg7 4. g3 O-O 5. Bg2 d6 6. Nc3 Nbd7 7. O-O e5 8. e4
c6 9. h3 Qb6 10. Re1 exd4 11. Nxd4 Ng4 12. Nce2 Nge5 13. b3 Nc5 14. Be3 a5 15.
Rb1 Re8 16. Nc3 Qb4 17. Ndb5 cxb5 18. Nxb5 Ncd3 19. Re2 a4 20. Nc7 Be6 21. Nxe8
Rxe8 22. f4 Nc5 23. fxe5 Bxe5 24. Bf4 axb3 25. axb3 Ra8 26. Qd2 Qb6 27. Bxe5
dxe5 28. Qe3 Qb4 29. Kh2 Bxc4 30. bxc4 1-0

[Event "NCL967 BCM-Richmond"]
[Site "Rd1"]
[Date "1996.10.19"]
[Round "1.5"]
[White "Cafferty, Bernard"]
[Black "Wall, Gavin"]
[Result "1/2-1/2"]
[WhiteElo "2240"]
[BlackElo "2305"]
[PlyCount "66"]
[EventDate "1996.10.19"]
[Source "J.Saunders"]
[SourceDate "1998.06.06"]

1. e4 e5 2. Nf3 d6 3. d4 exd4 4. Nxd4 Nf6 5. Nc3 Be7 6. Bc4 O-O 7. O-O a6 8.
Re1 c5 9. Nf5 Bxf5 10. exf5 b5 11. Bd5 Ra7 12. Bf3 Nbd7 13. Bf4 Nb6 14. g4 b4
15. Nd5 Nfxd5 16. Bxd5 Bf6 17. Rb1 Bd4 18. Qf3 Qf6 19. Be4 g5 20. c3 d5 21.
Bxd5 Nxd5 22. Qxd5 Rd8 23. Qf3 bxc3 24. bxc3 Bxc3 25. Bxg5 Qxg5 26. Qxc3 Qxg4+
27. Qg3 Qxg3+ 28. fxg3 Kg7 29. Rbc1 Rd2 30. Rf1 Rb7 31. Rf2 Rbb2 32. Rxd2 Rxd2
33. Rxc5 Rxa2 1/2-1/2

[Event "NCL967 BCM-Richmond"]
[Site "Rd1"]
[Date "1996.10.19"]
[Round "1.6"]
[White "Franklin, Michael"]
[Black "Bellin, Jana"]
[Result "1/2-1/2"]
[WhiteElo "2255"]
[BlackElo "2215"]
[PlyCount "93"]
[EventDate "1996.10.19"]
[Source "J.Saunders"]
[SourceDate "1998.06.06"]

1. c4 e5 2. Nc3 Nc6 3. g3 g6 4. Bg2 Bg7 5. e3 d6 6. Nge2 f5 7. d3 Nf6 8. O-O
O-O 9. f4 Be6 10. Nd5 Qd7 11. Nec3 Nd8 12. Qa4 Qxa4 13. Nxa4 Bxd5 14. cxd5 exf4
15. gxf4 Re8 16. h3 c5 17. dxc6 Nxc6 18. Bd2 d5 19. Rfe1 Rad8 20. Rac1 Bf8 21.
a3 h6 22. Nc5 Bxc5 23. Rxc5 Kf7 24. Kf2 g5 25. Bc3 gxf4 26. exf4 Rxe1 27. Kxe1
Ne7 28. Bxf6 Kxf6 29. Rc7 Rb8 30. Kf2 Ke6 31. Kf3 Kd6 32. Rc2 Rg8 33. Bf1 h5
34. Re2 Nc6 35. Kf2 h4 36. Re3 Nd4 37. Re5 Rg3 38. Bg2 Rxd3 39. Rxd5+ Ke6 40.
Re5+ Kf6 41. Bxb7 Rxh3 42. Ra5 Rh2+ 43. Ke3 Rxb2 44. Ra6+ Ne6 45. Bd5 Rb6 46.
Rxa7 Rd6 47. Bxe6 1/2-1/2

[Event "NCL967 BCM-Richmond"]
[Site "Rd1"]
[Date "1996.10.19"]
[Round "1.7"]
[White "Anderton, David"]
[Black "Bass, John"]
[Result "1-0"]
[WhiteElo "2200"]
[BlackElo "1944"]
[PlyCount "71"]
[EventDate "1996.10.19"]
[Source "J.Saunders"]
[SourceDate "1998.06.06"]

1. d4 Nf6 2. c4 e6 3. Nc3 Bb4 4. e3 c5 5. Bd3 Nc6 6. Nge2 d6 7. O-O O-O 8. Ne4
Qe7 9. a3 Ba5 10. Qc2 h6 11. b3 Bd7 12. Bb2 e5 13. dxc5 dxc5 14. Nxf6+ Qxf6 15.
f4 Qe7 16. f5 f6 17. Be4 Rfd8 18. Bd5+ Kh8 19. Qe4 Re8 20. Ng3 Rab8 21. Nh5 Nd8
22. Qg4 Qf8 23. Rf3 Bc6 24. Rd1 Bc7 25. e4 Re7 26. Bc1 Bxd5 27. Rxd5 Rf7 28.
Be3 b6 29. Rh3 Qe7 30. Qg6 Nc6 31. Nxg7 Rxg7 32. Rxh6+ Kg8 33. Qh5 Rh7 34. Rxh7
Qxh7 35. Qxh7+ Kxh7 36. Rd7+ 1-0

[Event "NCL967 Hertford-Wood Green"]
[Site "Rd1"]
[Date "1996.10.19"]
[Round "1.1"]
[White "Duncan, Chris"]
[Black "Littlewood, Paul"]
[Result "1/2-1/2"]
[WhiteElo "2340"]
[BlackElo "2440"]
[PlyCount "56"]
[EventDate "1996.10.19"]
[Source "J.Saunders"]
[SourceDate "1998.06.06"]

1. c4 Nf6 2. Nc3 g6 3. e4 d6 4. d4 Bg7 5. Nf3 O-O 6. Be2 e5 7. O-O Nbd7 8. Be3
Ng4 9. Bg5 f6 10. Bd2 c6 11. Qc2 Qe7 12. Rad1 f5 13. Bg5 Ndf6 14. dxe5 dxe5 15.
exf5 Bxf5 16. Qc1 e4 17. Nd4 Ne5 18. h3 Nf7 19. Be3 Rae8 20. Nb3 b6 21. c5 b5
22. Nd4 Bd7 23. b4 a5 24. bxa5 Ra8 25. Nb3 Be6 26. Nd4 Bd7 27. Nb3 Be6 28. Nd4
Bd7 1/2-1/2

[Event "NCL967 Hertford-Wood Green"]
[Site "Rd1"]
[Date "1996.10.19"]
[Round "1.2"]
[White "Pein, Malcolm"]
[Black "Swanson, Stephen"]
[Result "1-0"]
[WhiteElo "2425"]
[BlackElo "2265"]
[PlyCount "73"]
[EventDate "1996.10.19"]
[Source "J.Saunders"]
[SourceDate "1998.06.06"]

1. d4 d6 2. e4 g6 3. Nc3 Bg7 4. Be3 c6 5. Qd2 Nd7 6. Nf3 b5 7. Bd3 a6 8. h3 Qc7
9. O-O Ngf6 10. Bh6 O-O 11. Ne2 Re8 12. Bxg7 Kxg7 13. Ng3 Nf8 14. e5 dxe5 15.
dxe5 Ng8 16. Rfe1 c5 17. h4 Ne6 18. Ng5 Qb6 19. h5 c4 20. hxg6 fxg6 21. Be4 Ra7
22. Nh5+ gxh5 23. Nxe6+ Qxe6 24. Qg5+ Kf8 25. Re3 Qg4 26. Rf3+ Nf6 27. Qh6+ Qg7
28. Qe3 Bg4 29. Qxa7 Bxf3 30. Bxf3 Ng4 31. Re1 Nxe5 32. Bxh5 Ng6 33. Qxa6 Nf4
34. Bf3 Qg5 35. Qb6 Kg7 36. Qe3 e5 37. g3 1-0

[Event "NCL967 Hertford-Wood Green"]
[Site "Rd1"]
[Date "1996.10.19"]
[Round "1.3"]
[White "Hanreck, Alan"]
[Black "Law, Andrew"]
[Result "1/2-1/2"]
[WhiteElo "2275"]
[BlackElo "2370"]
[PlyCount "81"]
[EventDate "1996.10.19"]
[Source "J.Saunders"]
[SourceDate "1998.06.06"]

1. c4 e5 2. g3 Nf6 3. Bg2 c6 4. Nf3 e4 5. Nd4 d5 6. cxd5 Qxd5 7. Nb3 Qh5 8. h3
Be7 9. Nc3 Qg6 10. Qc2 e3 11. Qxg6 exf2+ 12. Kxf2 hxg6 13. d4 Na6 14. a3 Be6
15. Na5 O-O-O 16. b4 Nc7 17. b5 Ncd5 18. Nxd5 Rxd5 19. bxc6 b6 20. Nb7 Rxd4 21.
Bf4 Bd5 22. a4 Ne4+ 23. Ke3 Rc4 24. Rhc1 Rxc6 25. Rxc6+ Bxc6 26. Rc1 Kxb7 27.
Bxe4 Bc5+ 28. Kf3 Bxe4+ 29. Kxe4 Re8+ 30. Kf3 a5 31. Rd1 Kc6 32. e4 f5 33. exf5
gxf5 34. g4 fxg4+ 35. hxg4 Rf8 36. Ke4 Re8+ 37. Kf3 Re7 38. Bg5 Rd7 39. Rxd7
Kxd7 40. Ke4 Kc6 41. Bd8 1/2-1/2

[Event "NCL967 Hertford-Wood Green"]
[Site "Rd1"]
[Date "1996.10.19"]
[Round "1.4"]
[White "Sowray, Peter"]
[Black "Byway, Paul"]
[Result "1/2-1/2"]
[WhiteElo "2350"]
[BlackElo "2230"]
[PlyCount "141"]
[EventDate "1996.10.19"]
[Source "J.Saunders"]
[SourceDate "1998.06.06"]

1. d4 Nf6 2. Nf3 e6 3. c4 d5 4. g3 Be7 5. Bg2 O-O 6. O-O dxc4 7. Qc2 a6 8. a4
Bd7 9. Qxc4 Bc6 10. Bf4 a5 11. Nc3 Na6 12. Rfe1 Nb4 13. Rac1 Nbd5 14. Bd2 Nxc3
15. bxc3 Qd5 16. Qxd5 exd5 17. c4 Bxa4 18. cxd5 Nxd5 19. e4 Nf6 20. Rxc7 Bd8
21. Rxb7 Bc6 22. Rb2 Bxe4 23. Bg5 Bd5 24. Rb5 Bc4 25. Rc5 Be6 26. Ne5 Rc8 27.
Nc6 Nd7 28. Bxd8 Nxc5 29. Ne7+ Kh8 30. Nxc8 Nd3 31. Rxe6 fxe6 32. Nd6 a4 33.
Ba5 a3 34. Bc3 Nxf2 35. d5 exd5 36. Bxd5 Ng4 37. Nf7+ Kg8 38. Nh6+ Kh8 39. Nf7+
Kg8 40. Nh6+ Kh8 41. Nxg4 Rc8 42. Be1 Rc2 43. Bf2 a2 44. Bxa2 Rxa2 45. Kg2 Ra3
46. Ne5 Kg8 47. g4 Rb3 48. Bd4 Kf8 49. Nf3 Kf7 50. Kg3 g5 51. Kf2 Kg6 52. Ne5+
Kf6 53. Nd7+ Kf7 54. Be3 h6 55. Kf3 Rb4 56. Nc5 Rb2 57. Bf2 Kg6 58. Nd3 Ra2 59.
Ne5+ Kf6 60. Nc4 Ke6 61. Ne3 Ra3 62. Bg3 Kf6 63. Ke4 Ra4+ 64. Kd5 Ra5+ 65. Kd6
Kg6 66. Nd5 Ra4 67. Ne7+ Kh7 68. h3 Ra3 69. Nf5 Kg6 70. Ke6 h5 71. gxh5+
1/2-1/2

[Event "NCL967 Hertford-Wood Green"]
[Site "Rd1"]
[Date "1996.10.19"]
[Round "1.5"]
[White "Moskovic, David"]
[Black "Pert, Nicholas"]
[Result "0-1"]
[WhiteElo "2185"]
[BlackElo "2195"]
[PlyCount "77"]
[EventDate "1996.10.19"]
[Source "J.Saunders"]
[SourceDate "1998.06.06"]

1. e4 e6 2. d4 d5 3. e5 c5 4. c3 Nc6 5. Nf3 Bd7 6. Be2 f6 7. O-O fxe5 8. Nxe5
Nxe5 9. dxe5 Qc7 10. c4 O-O-O 11. Bf3 Ne7 12. Nc3 d4 13. Ne4 Qxe5 14. Ng5 Nc6
15. Re1 Qc7 16. Nxe6 Bxe6 17. Rxe6 Bd6 18. g3 Rhe8 19. Bd5 Qd7 20. Qg4 Ne5 21.
Qh3 Ng6 22. Bg5 Be7 23. Bxe7 Rxe7 24. Rae1 Nf8 25. Bxb7+ Kb8 26. Rxe7 Qxh3 27.
Bg2 Qc8 28. b4 cxb4 29. Rb1 a5 30. Re5 Qc7 31. Rb5+ Ka7 32. a3 Rb8 33. Rf5 b3
34. c5 b2 35. c6 Ne6 36. Rd5 Qb6 37. Rd7+ Nc7 38. Rxb2 Qxb2 39. Rxc7+ 0-1

[Event "NCL967 Slough-NW Eagles"]
[Site "Rd1"]
[Date "1996.10.19"]
[Round "1.1"]
[White "Kosten, Anthony"]
[Black "Horner, Jeff"]
[Result "1-0"]
[WhiteElo "2525"]
[BlackElo "2360"]
[PlyCount "73"]
[EventDate "1996.10.19"]
[Source "J.Saunders"]
[SourceDate "1998.06.06"]

1. c4 Nf6 2. Nc3 g6 3. g3 Bg7 4. Bg2 O-O 5. Nf3 d6 6. O-O e5 7. d3 Nbd7 8. Rb1
a5 9. a3 Nc5 10. b4 axb4 11. axb4 Ne6 12. Bb2 Nh5 13. e4 Qe8 14. d4 exd4 15.
Nb5 Bd7 16. Nfxd4 Qc8 17. Nf5 gxf5 18. Qxh5 Bxb2 19. Rxb2 Ng7 20. Qg5 Bxb5 21.
cxb5 Qe8 22. exf5 Qxb5 23. g4 c6 24. Qd2 Rad8 25. f6 Ne6 26. Re1 Kh8 27. f4 Rg8
28. h3 d5 29. f5 Ng5 30. Re7 Ne4 31. Qd4 Qa6 32. Rxf7 Qa1+ 33. Kh2 Qc1 34. Rxb7
Qf4+ 35. Kg1 Qc1+ 36. Bf1 Ng5 37. f7+ 1-0

[Event "NCL967 Slough-NW Eagles"]
[Site "Rd1"]
[Date "1996.10.19"]
[Round "1.2"]
[White "Quillan, Gary"]
[Black "Houska, Miroslav"]
[Result "0-1"]
[WhiteElo "2320"]
[BlackElo "2265"]
[PlyCount "68"]
[EventDate "1996.10.19"]
[Source "J.Saunders"]
[SourceDate "1998.06.06"]

1. e4 c5 2. Nf3 Nf6 3. Nc3 d5 4. Bb5+ Bd7 5. Bxd7+ Qxd7 6. e5 Ne4 7. Ne2 h6 8.
d3 Ng5 9. Nxg5 hxg5 10. Bxg5 Qg4 11. Qd2 Nc6 12. Bf4 Qxg2 13. O-O-O O-O-O 14.
Bg3 Qh3 15. Kb1 Qf5 16. e6 Qxe6 17. Qf4 Rd7 18. Nc3 f6 19. Nb5 b6 20. Qa4 Kb7
21. Rhe1 Qf5 22. d4 cxd4 23. Nxd4 Nxd4 24. Rxd4 e5 25. Rd3 Bc5 26. b4 Be7 27.
Ra3 a5 28. Rc3 Bxb4 29. Qc6+ Ka7 30. Rb3 Rb7 31. Re2 Qd7 32. Qxd7 Rxd7 33. f4
e4 34. Bf2 Bc5 0-1

[Event "NCL967 Slough-NW Eagles"]
[Site "Rd1"]
[Date "1996.10.19"]
[Round "1.3"]
[White "Webb, Richard"]
[Black "Lund, Brett"]
[Result "0-1"]
[WhiteElo "2290"]
[BlackElo "2260"]
[PlyCount "94"]
[EventDate "1996.10.19"]
[Source "J.Saunders"]
[SourceDate "1998.06.06"]

1. e4 c5 2. Nc3 a6 3. Nge2 e6 4. g3 b5 5. Bg2 Bb7 6. O-O h5 7. d4 h4 8. Be3 Nf6
9. f3 Qc7 10. dxc5 Bxc5 11. Bxc5 Qxc5+ 12. Qd4 Qc7 13. Qf2 hxg3 14. hxg3 Nc6
15. Nd1 O-O-O 16. Ne3 d5 17. exd5 Nxd5 18. Rfd1 Ne5 19. Nxd5 Rxd5 20. Rxd5 Bxd5
21. Nf4 Bb7 22. Nd3 Nxd3 23. cxd3 Kb8 24. Rd1 Rc8 25. Rf1 Qd6 26. f4 Qxd3 27.
Qb6 Rc7 28. Kh2 Qe2 29. Rf2 Qh5+ 30. Bh3 Rc8 31. Rd2 Qc5 32. Qxc5 Rxc5 33. g4
Rd5 34. Rc2 Rd4 35. Kg3 Rd3+ 36. Kh4 Rf3 37. f5 exf5 38. gxf5 Be4 39. Rc5 Rf2
40. Re5 Bc6 41. Re7 Bd5 42. Re8+ Kc7 43. Rg8 Bxa2 44. Rxg7 Rxb2 45. f6 Rd2 46.
Bf5 Rd8 47. Bg6 Rf8 0-1

[Event "NCL967 Slough-NW Eagles"]
[Site "Rd1"]
[Date "1996.10.19"]
[Round "1.4"]
[White "Merriman, John"]
[Black "Smith, Andrew P"]
[Result "1-0"]
[WhiteElo "2275"]
[BlackElo "2265"]
[PlyCount "91"]
[EventDate "1996.10.19"]
[Source "J.Saunders"]
[SourceDate "1998.06.06"]

1. d4 Nf6 2. c4 e5 3. dxe5 Ng4 4. e4 Nxe5 5. f4 Bb4+ 6. Bd2 Bxd2+ 7. Qxd2 Ng4
8. Nc3 d6 9. O-O-O O-O 10. h3 Nf6 11. e5 Nfd7 12. exd6 cxd6 13. Qxd6 Nc6 14.
Nf3 Qa5 15. Rd5 Qb6 16. c5 Qa5 17. Rg5 f6 18. Bc4+ Kh8 19. Rd5 Rd8 20. Rhd1 Nf8
21. Qxd8 Nxd8 22. Rxd8 Qxc5 23. Re1 g6 24. Bd5 Kg7 25. Ree8 Rb8 26. Rxf8 Qxf8
27. Rxf8 Kxf8 28. Ne4 Ke7 29. b4 Be6 30. Bxe6 Kxe6 31. Kd2 b6 32. Ke3 Rc8 33.
Nd4+ Ke7 34. b5 Rc4 35. Nc6+ Ke6 36. Kd3 Ra4 37. Nc3 Rxf4 38. Nxa7 Rf2 39. Nc8
f5 40. Nxb6 f4 41. Nc4 Rxg2 42. b6 Rg3+ 43. Kd4 Kd7 44. Nd5 Kc8 45. Nd6+ Kb8
46. Nb4 1-0

[Event "NCL967 Slough-NW Eagles"]
[Site "Rd1"]
[Date "1996.10.19"]
[Round "1.5"]
[White "Houska, Jovanka"]
[Black "James, Dale"]
[Result "0-1"]
[WhiteElo "2115"]
[BlackElo "2250"]
[PlyCount "160"]
[EventDate "1996.10.19"]
[Source "J.Saunders"]
[SourceDate "1998.06.06"]

1. e4 e5 2. Nf3 d6 3. d4 Nd7 4. c3 Ngf6 5. Bd3 Be7 6. Be3 c6 7. Nbd2 Qc7 8. O-O
h6 9. Nh4 g6 10. g3 Nf8 11. f4 exf4 12. Bxf4 g5 13. e5 gxh4 14. exf6 Bxf6 15.
Ne4 Be7 16. d5 Qb6+ 17. Nf2 cxd5 18. Qf3 Be6 19. Be3 Qa5 20. b4 Qc7 21. Ng4
O-O-O 22. Bd4 Nd7 23. Bxh8 Rxh8 24. Bf5 hxg3 25. hxg3 h5 26. Ne3 Ne5 27. Qxd5
Kb8 28. Bxe6 fxe6 29. Qd4 Rg8 30. Kf2 Qc6 31. Ke2 Rxg3 32. Qf4 Rg8 33. Rac1 Bg5
34. Qe4 Bxe3 35. Qxe3 Rg4 36. Rf4 Qg2+ 37. Rf2 Qd5 38. c4 Rxc4 39. Rf8+ Kc7 40.
Rxc4+ Qxc4+ 41. Kd1 Qxa2 42. Qc3+ Qc4 43. Rf7+ Kb6 44. Qe3+ Kc6 45. Rf4 Qd3+
46. Qxd3 Nxd3 47. Rd4 Nf2+ 48. Kd2 Ng4 49. Rc4+ Kb6 50. Rc8 a5 51. Rh8 d5 52.
Rxh5 axb4 53. Rg5 Nf6 54. Rg6 Ne4+ 55. Kd3 Nc5+ 56. Kd4 Kb5 57. Rh6 b6 58. Rh5
Kc6 59. Rh6 Kd6 60. Rg6 b5 61. Rh6 Ne4 62. Kd3 b3 63. Rh8 Kc7 64. Rh7+ Kd6 65.
Rh6 b4 66. Rh8 Nc3 67. Rh2 e5 68. Rb2 Na4 69. Rb1 Nc5+ 70. Kd2 d4 71. Rh1 Ne4+
72. Kc1 Nf2 73. Rh8 Nd3+ 74. Kd2 e4 75. Rd8+ Kc5 76. Rc8+ Kd5 77. Re8 Ne5 78.
Re7 d3 79. Kc1 Kd4 80. Rc7 e3 0-1

[Event "NCL967 Slough-NW Eagles"]
[Site "Rd1"]
[Date "1996.10.19"]
[Round "1.6"]
[White "Clarke, Stuart"]
[Black "Armstrong, Malcolm"]
[Result "0-1"]
[WhiteElo "2285"]
[BlackElo "2032"]
[PlyCount "114"]
[EventDate "1996.10.19"]
[Source "J.Saunders"]
[SourceDate "1998.06.06"]

1. e4 c6 2. d4 d5 3. exd5 cxd5 4. c4 Nf6 5. Nc3 g6 6. Qb3 Bg7 7. cxd5 O-O 8.
Be2 Nbd7 9. Bf3 Nb6 10. Nge2 Bg4 11. Bxg4 Nxg4 12. Bf4 Nf6 13. d6 exd6 14. O-O
Nh5 15. Be3 d5 16. Rac1 Qd7 17. Qb5 Rfd8 18. Qxd7 Rxd7 19. b3 Re8 20. a4 Na8
21. b4 Nc7 22. b5 Ne6 23. Na2 f5 24. f3 Nxd4 25. Bxd4 Rxe2 26. Bxg7 Kxg7 27.
Nc3 Ree7 28. a5 d4 29. Na4 Re2 30. Nc5 Rde7 31. Rfd1 Rb2 32. Rxd4 Rxb5 33. a6
bxa6 34. Nxa6 Rb2 35. g4 fxg4 36. fxg4 Nf6 37. g5 Ne8 38. h4 h6 39. Nb4 hxg5
40. hxg5 a5 41. Nd3 Rb5 42. Rc5 Rxc5 43. Nxc5 Re5 44. Ne4 Kf7 45. Kf2 Ke6 46.
Kf3 Rd5 47. Ra4 Nd6 48. Nxd6 Kxd6 49. Kf4 Rf5+ 50. Kg4 Kc6 51. Re4 Rd5 52. Kf4
Kc5 53. Re8 Rd6 54. Ke5 Rb6 55. Rh8 a4 56. Rh4 Ra6 57. Rh1 a3 0-1